| 000 | 01139nam0a22002411 4500 | ||
|---|---|---|---|
| 001 | rc\3534664 | ||
| 005 | 20260407094153.0 | ||
| 035 | _a(NLR Aleph) 007595390 | ||
| 090 |
_a5656981 _c5656981 |
||
| 100 | _a20130115d1972 |||y0rusy50 ca | ||
| 101 | 0 | _arus | |
| 102 | _aRU | ||
| 105 | _ay z ||||| | ||
| 200 | 1 | _aИнформация о работах Всесоюзного научно-исследовательского института зернового хозяйства | |
| 210 |
_aАлма-Ата _cКайнар _d1972 |
||
| 215 |
_a35 с. _d26 |
||
| 225 | 1 |
_aМинистерство сельского хозяйства КазССР. Управление пропаганды и научно-технической информации _vСпец. вып. _iНаучно-техническая информация по сельскому хозяйству _v№ 7 |
|
| 710 | 0 | 2 |
_aВНИИ зернового хозяйства _cст. Шортанды, Целиногр. обл. _9332587 _3RU\NLR\AUTH\889918232 |
| 801 | 0 |
_aRU _bNLR _gpsbo |
|
| 801 | 1 |
_aRU _bELAR _2rusmarc |
|
| 852 |
_aNLR _jП14/741 |
||
| 942 | _cBOOK | ||
| 980 | _aNB | ||